000
00233nam a2200097Ia 4500
005
20251222144741.0
008
251222s9999||||xx |||||||||||||| ||spa||
082
_a
379.985/A13
245
0
_a
Nueva Ley General de Educación
942
_c
LIB
999
_c
18972
_d
18972